Kvalita vody sa mierne zlepšuje, ale staré záťaže ďalej ohrozujú podzemné zdroje vody

Staré záťaže ohrozujú kvalitu vôd. Ochrana podzemných vôd, pravidelné sledovanie 3660 km vodných tokov. Najznečistenejšia zo slovenských vôd je rieka Nitra. Potreba budovania nových a rekonštrukcia starých čistiarní vôd. Dôsledky ekologických havárií pretrvávajú roky.

Salvato in:
Dettagli Bibliografici
Autore principale: Začková, K.
Natura: Capitolo di libro
Lingua:slovacco
Soggetti:
Tags: Aggiungi Tag
Nessun Tag, puoi essere il primo ad aggiungerne!!

MARC

LEADER 00000naa a2200000 4500
001 r026193
005 20230921080428.3
041 0 |a slo 
044 |a SK 
245 1 0 |a Kvalita vody sa mierne zlepšuje, ale staré záťaže ďalej ohrozujú podzemné zdroje vody  |c K. Začková 
520 |a Staré záťaže ohrozujú kvalitu vôd. Ochrana podzemných vôd, pravidelné sledovanie 3660 km vodných tokov. Najznečistenejšia zo slovenských vôd je rieka Nitra. Potreba budovania nových a rekonštrukcia starých čistiarní vôd. Dôsledky ekologických havárií pretrvávajú roky. 
610 2 0 |a voda 
610 2 0 |a voda podzemná 
610 2 0 |a zdroje vodné 
610 2 0 |a kvalita vody 
610 2 0 |a ochrana prostredia životného 
610 2 0 |a rieky 
610 2 0 |a znečistenie vôd 
610 2 0 |a čistiarne vôd odpadových 
610 2 0 |a Nitra 
610 2 0 |a Slovensko 
100 1 |a Začková, K.